|
|
|
|
| LEADER |
00860nam a22002057a 4500 |
| 003 |
GR-PaULI |
| 005 |
20210117210623.0 |
| 007 |
ta |
| 008 |
180517n xxu |||f |||| 00| 0 fre d |
| 040 |
|
|
|a GR-PaULI
|b gre
|c GR-PaULI
|e AACR2
|
| 060 |
|
|
|a WL 140
|
| 245 |
0 |
3 |
|a Le traitement des maladies nerveuses en clientèle.
|
| 260 |
|
|
|a [χ. τ.] :
|b [χ. ό.],
|c [χ. χ.].
|
| 300 |
|
|
|a 300 σ. ;
|c 20 εκ.
|
| 504 |
|
|
|6 Περιλαμβάνει βιβλιογραφία και ευρετήριο.
|
| 650 |
|
4 |
|9 28865
|a Νευρικό σύστημα
|x Ασθένειες
|
| 942 |
|
|
|2 nlm
|c BKN
|
| 952 |
|
|
|0 0
|1 0
|2 nlm
|4 0
|6 WL_140
|7 1
|9 222163
|a MEDI
|b MEDI
|c DON
|d 2018-05-17
|i 7047
|l 0
|o WL 140
|p 025000174754
|r 2018-05-17 00:00:00
|t 1
|v 2018.00
|w 2018-05-17
|y BKN
|z Δωρεά Γρ. Αγγελόπουλου (αίθουσα δωρεών)
|
| 998 |
|
|
|c ΜΑΝΙΑΚΗ
|d 2018
|
| 999 |
|
|
|c 134260
|d 134260
|